| 000 | 00577nam a2200217Ia 4500 | ||
|---|---|---|---|
| 003 | 165 p. 3° vol. The great prayers | ||
| 008 | 120407s9999 xx 000 0 und d | ||
| 040 | _aIT-RoPAU | ||
| 040 | _c160 P." | ||
| 041 | _aita | ||
| 100 | _aGiacomo Alberione | ||
| 245 | _aDaily Meditations. | ||
| 250 | _aBoston | ||
| 260 | _aDaughters of St. Paul | ||
| 260 | _c1983 | ||
| 300 | _c18,5 cm | ||
| 490 | _v13 | ||
| 600 | _a"1° Vol The great truths | ||
| 942 | _cBK | ||
| 999 |
_c23599 _d23599 |
||